[Event "RUS-ch Higher League (Women) 73rd"]
[Site "Novokuznetsk"]
[Date "2023.07.04"]
[Round "8"]
[White "Charochkina, Daria"]
[Black "Miroshnik, Ekaterina"]
[Result "1-0"]
[WhiteElo "2339"]
[BlackElo "2141"]
[PlyCount "107"]
[EventDate "2023.06.26"]
[EventType "swiss"]
[EventRounds "9"]
[EventCountry "RUS"]
[SourceTitle "EXT 2024"]
[Source "ChessBase"]
[SourceDate "2023.10.10"]
[SourceVersion "1"]
[SourceVersionDate "2023.10.10"]
[SourceQuality "1"]

1. e4 e5 2. Nf3 Nc6 3. Nc3 Nf6 4. h3 Be7 5. d4 exd4 6. Nxd4 Bb4 7. Nxc6 bxc6 8. Bd3 d5 9. exd5 cxd5 10. 0-0 0-0 11. Qf3 c6 12. Ne2 Bd6 13. b3 Be5 14. c3 Bd7 15. Bg5 Re8 16. Nd4 c5 17. Nf5 Bxf5 18. Bxf5 Qb6 19. Rfe1 h6 20. Bd2 Bc7 21. g3 Rad8 22. Rad1 a5 23. Bc2 Re6 24. Rxe6 Qxe6 25. Re1 Qd6 26. h4 Re8 27. Rxe8+ Nxe8 28. Qe2 Nf6 29. Qb5 Kf8 30. Be3 d4 31. cxd4 cxd4 32. Bd2 Qd5 33. Qe2 g5 34. hxg5 hxg5 35. Bd3 Kg7 36. Qe7 Bd8 37. Qa7 Qd7 38. Qb8 Nd5 39. Qe5+ Bf6 40. Qe4 Nb4 41. Qh7+ Kf8 42. Bc4 Nxa2 43. Bxa5 Bg7 44. Bb6 Qe7 45. Qf5 Kg8 46. Bd8 Qe8 47. Bxg5 Nc3 48. Kf1 Ne4 49. Bf4 Qe7 50. Bd3 Nc5 51. Qh7+ Kf8 52. Bh6 Ke8 53. Bxg7 Qg5 54. Qg8+ 1-0

[Event "RUS-ch Higher League (Women) 73rd"]
[Site "Novokuznetsk"]
[Date "2023.07.01"]
[Round "5"]
[White "Miroshnik, Ekaterina"]
[Black "Badelka, Olga"]
[Result "1/2-1/2"]
[WhiteElo "2141"]
[BlackElo "2397"]
[PlyCount "117"]
[EventDate "2023.06.26"]
[EventType "swiss"]
[EventRounds "9"]
[EventCountry "RUS"]
[SourceTitle "EXT 2024"]
[Source "ChessBase"]
[SourceDate "2023.10.10"]
[SourceVersion "1"]
[SourceVersionDate "2023.10.10"]
[SourceQuality "1"]

1. d4 Nf6 2. c4 e6 3. Nc3 Bb4 4. e3 b6 5. Nf3 Bb7 6. a3 Bxc3+ 7. bxc3 d6 8. Bd3 Nbd7 9. Qc2 e5 10. e4 h6 11. 0-0 g5 12. Re1 Qe7 13. a4 a5 14. Ba3 Nh5 15. c5 dxc5 16. Bb5 0-0-0 17. Bxd7+ Qxd7 18. Nxe5 Qe8 19. Qb3 Rh7 20. Bxc5 f6 21. Nc4 bxc5 22. Nxa5 Ba6 23. dxc5 Nf4 24. c6 Qe6 25. c4 Qg4 26. g3 Rd3 27. Qb4 Qh3 28. gxf4 gxf4 29. Kh1 Qf3+ 30. Kg1 Rg7+ 31. Kf1 Qh1+ 32. Ke2 Qf3+ 33. Kf1 Rd8 34. Ra3 Qg2+ 35. Ke2 Qxe4+ 36. Kf1 Qg2+ 37. Ke2 Qe4+ 38. Kf1 Qh1+ 39. Ke2 Re8+ 40. Re3 Rxe3+ 41. fxe3 Qxh2+ 42. Kd3 Rg8 43. Nb7 f3 44. Qa5 f2 45. Rb1 Bxc4+ 46. Kxc4 f1Q+ 47. Rxf1 Qc2+ 48. Kd4 Rg4+ 49. Rf4 Qd1+ 50. Kc4 Qe2+ 51. Kd4 Qd1+ 52. Kc3 Qa1+ 53. Kd3 Qb1+ 54. Kd4 Qd1+ 55. Kc3 Kb8 56. Kc4 Qe2+ 57. Kd4 Qd1+ 58. Kc3 Qa1+ 59. Kd3 1/2-1/2

[Event "RUS-ch Higher League (Women) 73rd"]
[Site "Novokuznetsk"]
[Date "2023.06.27"]
[Round "2"]
[White "Miroshnik, Ekaterina"]
[Black "Kovanova, Baira"]
[Result "1/2-1/2"]
[WhiteElo "2141"]
[BlackElo "2296"]
[PlyCount "84"]
[EventDate "2023.06.26"]
[EventType "swiss"]
[EventRounds "9"]
[EventCountry "RUS"]
[SourceTitle "EXT 2024"]
[Source "ChessBase"]
[SourceDate "2023.10.10"]
[SourceVersion "1"]
[SourceVersionDate "2023.10.10"]
[SourceQuality "1"]

1. d4 Nf6 2. c4 e6 3. Nc3 Bb4 4. e3 0-0 5. Bd3 c5 6. Nge2 cxd4 7. exd4 d5 8. cxd5 Nxd5 9. 0-0 Nc6 10. a3 Be7 11. Nxd5 Qxd5 12. Qc2 Nxd4 13. Nxd4 Qxd4 14. Bxh7+ Kh8 15. Be3 Qh4 16. Bd3 Bd7 17. f4 Rfc8 18. Qe2 Kg8 19. Rac1 Rxc1 20. Rxc1 Bc6 21. Qf2 Qxf2+ 22. Kxf2 Bf6 23. b4 a6 24. g3 Rd8 25. Be2 g6 26. h4 e5 27. fxe5 Bxe5 28. Bf4 Bb2 29. Rb1 Bd4+ 30. Be3 Be5 31. b5 axb5 32. Bxb5 Be4 33. Rb4 f5 34. Be2 Rc8 35. Rc4 Rd8 36. Bf4 Bxf4 37. gxf4 Kg7 38. h5 gxh5 39. Bxh5 Rd2+ 40. Be2 Kf6 41. Rc3 Rd7 42. Rb3 Rd6 1/2-1/2

[Event "Cheliabinsk Kurnosov Memorial Rapid-B"]
[Site "Cheliabinsk"]
[Date "2022.09.11"]
[Round "9"]
[White "Kovanova, Baira"]
[Black "Miroshnik, Ekaterina"]
[Result "1/2-1/2"]
[WhiteElo "2329"]
[BlackElo "2111"]
[PlyCount "78"]
[EventDate "2022.09.09"]
[EventType "swiss (rapid)"]
[EventRounds "11"]
[EventCountry "RUS"]
[SourceTitle "CBM 210 Extra"]
[Source "ChessBase"]
[SourceDate "2022.11.30"]
[SourceVersion "1"]
[SourceVersionDate "2022.11.30"]
[SourceQuality "1"]

1. e4 e6 2. d4 d5 3. Nc3 Nf6 4. Bg5 dxe4 5. Nxe4 Nbd7 6. Nf3 Be7 7. Bxf6 Nxf6 8. Bd3 Nxe4 9. Bxe4 c5 10. Qe2 cxd4 11. 0-0-0 0-0 12. Nxd4 Qb6 13. Kb1 Rd8 14. c3 Bd7 15. Bc2 Rac8 16. Ka1 Bf6 17. h4 Bxd4 18. Rxd4 Bb5 19. Rxd8+ Rxd8 20. c4 Bc6 21. f3 Qc5 22. Rd1 Rd4 23. h5 Qd6 24. b4 Qxb4 25. Bxh7+ Kxh7 26. Rxd4 e5 27. Qc2+ g6 28. hxg6+ fxg6 29. Rh4+ Kg7 30. Rg4 Qe1+ 31. Kb2 Qb4+ 32. Kc1 Qe1+ 33. Qd1 Qc3+ 34. Kb1 Qb4+ 35. Qb3 Qe1+ 36. Kc2 Qe2+ 37. Kc1 Qe1+ 38. Kc2 Qe2+ 39. Kc3 Qe3+ 1/2-1/2

[Event "Moscow op-B (Women) 18th"]
[Site "Moscow"]
[Date "2022.07.18"]
[Round "6"]
[White "Miroshnik, Ekaterina"]
[Black "Voit, Daria"]
[Result "0-1"]
[WhiteElo "2169"]
[BlackElo "2340"]
[PlyCount "56"]
[EventDate "2022.07.14"]
[EventType "swiss"]
[EventRounds "9"]
[EventCountry "RUS"]
[SourceTitle "CBM 209 Extra"]
[Source "ChessBase"]
[SourceDate "2022.09.30"]
[SourceVersion "1"]
[SourceVersionDate "2022.09.30"]
[SourceQuality "1"]

1. Nf3 d5 2. d4 Nf6 3. c4 e6 4. e3 Bb4+ 5. Bd2 Be7 6. Nc3 0-0 7. Bd3 dxc4 8. Bxc4 a6 9. a4 c5 10. 0-0 Nc6 11. dxc5 Bxc5 12. Ng5 Be7 13. Qe2 Ne5 14. Ba2 Qb6 15. f4 Nc6 16. Be1 Rd8 17. f5 h6 18. fxe6 hxg5 19. exf7+ Kf8 20. a5 Qc7 21. Bg3 Qxa5 22. Ne4 Nxe4 23. Qh5 Bf6 24. Qh7 Nxg3 25. hxg3 Qe5 26. Rad1 Be6 27. Rxd8+ Rxd8 28. Qg8+ Ke7 0-1

[Event "RUS-ch Higher League (Women) 72nd"]
[Site "Obninsk"]
[Date "2022.07.04"]
[Round "8"]
[White "Satanovskaia, Evgeniia"]
[Black "Miroshnik, Ekaterina"]
[Result "0-1"]
[WhiteElo "1837"]
[BlackElo "2169"]
[PlyCount "66"]
[EventDate "2022.06.26"]
[EventType "swiss"]
[EventRounds "9"]
[EventCountry "RUS"]
[SourceTitle "CBM 209 Extra"]
[Source "ChessBase"]
[SourceDate "2022.09.30"]
[SourceVersion "1"]
[SourceVersionDate "2022.09.30"]
[SourceQuality "1"]

1. d4 e6 2. Nf3 Nf6 3. e3 b6 4. b3 Bb7 5. Bb2 d5 6. Bd3 Bd6 7. 0-0 0-0 8. c4 c5 9. Nbd2 Nc6 10. Qe2 cxd4 11. exd4 Nb4 12. Bb1 Rc8 13. a3 Nc6 14. Ne5 Ne7 15. Bd3 Ng6 16. f4 Nh4 17. g3 Nf5 18. g4 dxc4 19. bxc4 Bxe5 20. fxe5 Nxd4 21. Qe3 Nxg4 22. Qxd4 Qg5 23. Nf3 Bxf3 24. Rxf3 Rcd8 25. Qf4 Nxe5+ 26. Qxg5 Nxf3+ 27. Kf2 Nxg5 28. Ke3 e5 29. h4 Ne6 30. h5 Nf4 31. Be4 Nxh5 32. Rg1 g6 33. Bd5 Nf4 0-1

[Event "RUS-ch Higher League (Women) 72nd"]
[Site "Obninsk"]
[Date "2022.07.02"]
[Round "6"]
[White "Filippova, Margarita"]
[Black "Miroshnik, Ekaterina"]
[Result "1-0"]
[WhiteElo "1955"]
[BlackElo "2169"]
[PlyCount "79"]
[EventDate "2022.06.26"]
[EventType "swiss"]
[EventRounds "9"]
[EventCountry "RUS"]
[SourceTitle "CBM 209 Extra"]
[Source "ChessBase"]
[SourceDate "2022.09.30"]
[SourceVersion "1"]
[SourceVersionDate "2022.09.30"]
[SourceQuality "1"]

1. Nf3 c5 2. d4 cxd4 3. Nxd4 d6 4. c4 Nf6 5. Nc3 Nc6 6. e4 g6 7. Be2 Bg7 8. Be3 0-0 9. 0-0 Bd7 10. f3 Qa5 11. Qd2 Rfc8 12. Rfd1 Qd8 13. Rac1 Ne5 14. b3 h5 15. h3 Nc6 16. f4 Qe8 17. Bf3 Nxd4 18. Bxd4 Bc6 19. Qf2 a5 20. e5 dxe5 21. fxe5 Nd7 22. Re1 Nf8 23. Nd5 Ne6 24. Bb2 Rd8 25. a4 Rab8 26. Qh4 Rd7 27. Ba3 Bf8 28. Rc3 Ng7 29. g4 Bxd5 30. cxd5 e6 31. d6 Rc8 32. Rec1 Rxc3 33. Rxc3 Kh7 34. gxh5 Nf5 35. hxg6+ Kxg6 36. Be4 Bh6 37. Rg3+ Kh7 38. Bc1 Qf8 39. Bxf5+ exf5 40. Qh5 1-0

[Event "World Cup U18 Girls Prel"]
[Site "Tornelo INT"]
[Date "2021.08.01"]
[Round "7"]
[White "Diaz Charpentier, Kristel Melissa"]
[Black "Miroshnik, Ekaterina"]
[Result "0-1"]
[WhiteElo "1898"]
[BlackElo "2234"]
[PlyCount "112"]
[EventDate "2021.08.01"]
[EventType "swiss (rapid)"]
[EventRounds "10"]
[EventCountry "NET"]
[SourceTitle "EXT 2024"]
[Source "ChessBase"]
[SourceDate "2023.10.10"]
[SourceVersion "1"]
[SourceVersionDate "2023.10.10"]
[SourceQuality "1"]

1. Nf3 e6 2. b3 Nf6 3. Bb2 d5 4. c4 Be7 5. g3 c6 6. Bg2 0-0 7. 0-0 b6 8. d3 Bb7 9. Nbd2 c5 10. e3 Nc6 11. a3 Qc7 12. Qe2 Rad8 13. Rfd1 Qb8 14. Rac1 d4 15. exd4 Nxd4 16. Nxd4 cxd4 17. Nf3 Bxf3 18. Qxf3 a5 19. Re1 Bc5 20. h4 e5 21. h5 h6 22. Rc2 Rfe8 23. Bc1 Qd6 24. Ra2 Re7 25. Bh3 Rde8 26. Bf5 Rb8 27. a4 Rbe8 28. g4 Bb4 29. Ree2 e4 30. dxe4 d3 31. Re3 d2 32. Bxd2 Bxd2 33. Rd3 Qc7 34. Raxd2 Nxe4 35. Bxe4 Rxe4 36. Rd7 Rf4 37. Rxc7 Rxf3 38. Rb2 Re4 39. Kg2 Rc3 40. Rc8+ Kh7 41. Rc6 Rxg4+ 42. Kf1 Rg5 43. Rxb6 Rxh5 44. Rb5 Kg6 45. Rd2 Rh1+ 46. Kg2 Rb1 47. Rd6+ f6 48. Rdb6 h5 49. Rxa5 h4 50. Ra7 h3+ 51. Kh2 Rb2 52. Kg1 Rb1+ 53. Kh2 Rf1 54. Rbb7 Rxf2+ 55. Kg1 Rg2+ 56. Kf1 Rc1# 0-1